मेरी तेरी उसकी बात : (Record no. 169911)
[ view plain ]
| 000 -LEADER | |
|---|---|
| fixed length control field | 01446nam a22002777a 4500 |
| 005 - DATE AND TIME OF LATEST TRANSACTION | |
| control field | 20191207152949.0 |
| 008 - FIXED-LENGTH DATA ELEMENTS--GENERAL INFORMATION | |
| fixed length control field | 191207b ||||| |||| 00| 0 eng d |
| 010 ## - LCCN (DPL NO) | |
| LC control number | B-170483 |
| 020 ## - INTERNATIONAL STANDARD BOOK NUMBER | |
| Terms of availability | 150.00 |
| 035 ## - SYSTEM CONTROL NUMBER | |
| System control number | B-170483 |
| 037 ## - SOURCE OF ACQUISITION | |
| Source of stock number/acquisition | Cen Lib/Ret |
| 040 ## - CATALOGING SOURCE | |
| Original cataloging agency | DPL |
| Language of cataloging | HN |
| 082 ## - DEWEY DECIMAL CLASSIFICATION NUMBER | |
| Classification number | 823.08 |
| Item number | वीरेन्द्र |
| 100 ## - MAIN ENTRY--PERSONAL NAME | |
| Personal name | वीरेन्द्र कुमार |
| 9 (RLIN) | 87522 |
| 245 ## - TITLE STATEMENT | |
| Title | मेरी तेरी उसकी बात : |
| Statement of responsibility, etc | वीरेन्द्र कुमार |
| Remainder of title | बदलते हुए परिवेश की पहचान / |
| 246 ## - VARYING FORM OF TITLE | |
| Title proper/short title | Meri teri uski bat : badalte hue parivesh ki pehchan / |
| Remainder of title | by Veerendra Kumar |
| 260 ## - PUBLICATION, DISTRIBUTION, ETC. (IMPRINT) | |
| Place of publication, distribution, etc | नई दिल्ली |
| Name of publisher, distributor, etc | संजय प्रकाशन |
| Date of publication, distribution, etc | 2006 |
| 270 ## - ADDRESS | |
| City | नई दिल्ली |
| Address | 4378/4बी, 209,जे.एम.डी.हाउस, गली मुरारी लाल, अंसारी रोड, दरियागंज |
| Postal code | 110002 |
| 300 ## - PHYSICAL DESCRIPTION | |
| Extent | 79पृ. |
| Dimensions | 21सेमी(सजिल्द) |
| 500 ## - GENERAL NOTE | |
| General note | संदर्भ शामिल |
| 650 ## - SUBJECT ADDED ENTRY--TOPICAL TERM | |
| Topical term or geographic name as entry element | हिन्दी साहित्य |
| 9 (RLIN) | 87523 |
| 650 ## - SUBJECT ADDED ENTRY--TOPICAL TERM | |
| Topical term or geographic name as entry element | हिन्दी के कथाकार -- यशपाल - चरित्र योजना |
| 9 (RLIN) | 87524 |
| 650 ## - SUBJECT ADDED ENTRY--TOPICAL TERM | |
| Topical term or geographic name as entry element | Hindi literature |
| 9 (RLIN) | 87525 |
| 650 ## - SUBJECT ADDED ENTRY--TOPICAL TERM | |
| Topical term or geographic name as entry element | Hindi storyteller - Yash Pal - Character plan |
| 9 (RLIN) | 87526 |
| 942 ## - ADDED ENTRY ELEMENTS (KOHA) | |
| Source of classification or shelving scheme | Dewey Decimal Classification |
| Item type | Hindi Books |
| Classification part | 823.08 |
| Call number suffix | वीरेन्द्र |
| Withdrawn status | Lost status | Source of classification or shelving scheme | Damaged status | Not for loan | Collection code | Home library | Current library | Date acquired | Cost, normal purchase price | Total Checkouts | Full call number | Barcode | Date last seen | Cost, replacement price | Koha item type |
|---|---|---|---|---|---|---|---|---|---|---|---|---|---|---|---|
| Dewey Decimal Classification | Fiction | Sarojini Nagar | Sarojini Nagar | 07/12/2019 | 150.00 | 823.08 वीरेन्द्र | B-170483 | 07/12/2019 | 150.00 | Hindi Books |
